000 01093nam a2200277 a 4500
001 000004333
003 DO-SdBNP
005 20250515092737.0
008 090721s1983 dr r 000 0 spa d
040 _aDO-SdBNP
_bspa
_cBNPHU
082 _a338.19
_bT219p
100 1 _aTatis, Antonio
_99667
245 1 0 _aPoblación, producción de alimentos y nutrición en la República Dominicana :
_bSituación actual proyecciones 1985-2000 /
_cAntonio Tatis, Carmen Gómez de Santana ; editor Denis Mota Álvarez.
260 _aSanto Domingo :
_bInstituto de estudios de Población y Desarrollo,
_c1983.
300 _a124 p . ;
_c27 cm.
490 1 _aEstudio
_v2
500 _aIncluye referencias bibliográficas y notas al pie de las páginas
504 _aBibliográfia : p. 59-61
650 0 _aAbastecimiento de alimentos
_95254
_vEstadísticas
650 0 _aNutrición
_912779
651 4 _aRepública Dominicana
_xPoblación
_91423
700 1 _aGómez de Santana, Carmen
_912780
700 1 _aMota Álvarez, Denis,
_d1952-
_eed.
_911007
830 0 _aEstudio ;
_n2
_912781
942 _2ddc
_cLBS1
999 _c4142
_d4142